Sports Quiz

Random Sports or Basketball Quiz

NBA Eastern Scoring Leaders (2000s) Quiz Stats

 Plays Quiz Updated Sep 27, 2018

Score 0/146 Timer 08:00
57 Plays Today
Team Player % Correct
Boston CelticsPaul Pierce
97.9%
Boston CelticsPaul Pierce
97.9%
Boston CelticsPaul Pierce
97.9%
Boston CelticsPaul Pierce
97.9%
Boston CelticsPaul Pierce
97.9%
Boston CelticsPaul Pierce
97.9%
Boston CelticsPaul Pierce
97.9%
Boston CelticsPaul Pierce
97.9%
Boston CelticsPaul Pierce
97.9%
Cleveland CavaliersLeBron James
97.6%
Cleveland CavaliersLeBron James
97.6%
Cleveland CavaliersLeBron James
97.6%
Cleveland CavaliersLeBron James
97.6%
Cleveland CavaliersLeBron James
97.6%
Cleveland CavaliersLeBron James
97.6%
Cleveland CavaliersLeBron James
97.6%
Toronto RaptorsMike James
96.3%
Miami HeatDwyane Wade
95.7%
Miami HeatDwyane Wade
95.7%
Miami HeatDwyane Wade
95.7%
Miami HeatDwyane Wade
95.7%
Miami HeatDwyane Wade
95.7%
Miami HeatDwyane Wade
95.7%
Philadelphia 76ersAllen Iverson
94.2%
Philadelphia 76ersAllen Iverson
94.2%
Philadelphia 76ersAllen Iverson
94.2%
Philadelphia 76ersAllen Iverson
94.2%
Philadelphia 76ersAllen Iverson
94.2%
Philadelphia 76ersAllen Iverson
94.2%
Boston CelticsRay Allen
92.5%
Milwaukee BucksRay Allen
92.5%
Milwaukee BucksRay Allen
92.5%
New Jersey NetsVince Carter
91%
New Jersey NetsVince Carter
91%
New Jersey NetsVince Carter
91%
New Jersey NetsVince Carter
91%
Toronto RaptorsVince Carter
91%
Toronto RaptorsVince Carter
91%
Toronto RaptorsVince Carter
91%
Chicago BullsDerrick Rose
88.9%
Toronto RaptorsJalen Rose
88.4%
Chicago BullsJalen Rose
88.4%
Orlando MagicDwight Howard
86.5%
Orlando MagicDwight Howard
86.5%
Orlando MagicDwight Howard
86.5%
Orlando MagicDwight Howard
86.5%
Orlando MagicDwight Howard
86.5%
New Jersey NetsJason Kidd
84.1%
New Jersey NetsJason Kidd
84.1%
Team Player % Correct
Indiana PacersJermaine O'Neal
83.2%
Indiana PacersJermaine O'Neal
83.2%
Indiana PacersJermaine O'Neal
83.2%
Indiana PacersJermaine O'Neal
83.2%
Indiana PacersJermaine O'Neal
83.2%
Charlotte HornetsGerald Wallace
81.3%
Charlotte HornetsGerald Wallace
81.3%
Detroit PistonsRichard Hamilton
81.3%
Detroit PistonsRichard Hamilton
81.3%
Detroit PistonsRichard Hamilton
81.3%
Detroit PistonsRichard Hamilton
81.3%
Detroit PistonsRichard Hamilton
81.3%
Detroit PistonsRichard Hamilton
81.3%
Washington WizardsRichard Hamilton
81.3%
Detroit PistonsChauncey Billups
79.8%
Atlanta HawksJoe Johnson
79.1%
Atlanta HawksJoe Johnson
79.1%
Atlanta HawksJoe Johnson
79.1%
Atlanta HawksJoe Johnson
79.1%
Atlanta HawksJoe Johnson
79.1%
Orlando MagicTracy McGrady
77.1%
Orlando MagicTracy McGrady
77.1%
Orlando MagicTracy McGrady
77.1%
Orlando MagicTracy McGrady
77.1%
Washington WizardsGilbert Arenas
77.1%
Washington WizardsGilbert Arenas
77.1%
Washington WizardsGilbert Arenas
77.1%
Indiana PacersReggie Miller
76.1%
Cleveland CavaliersAndre Miller
75.7%
Cleveland CavaliersAndre Miller
75.7%
Toronto RaptorsChris Bosh
74.9%
Toronto RaptorsChris Bosh
74.9%
Toronto RaptorsChris Bosh
74.9%
Toronto RaptorsChris Bosh
74.9%
Milwaukee BucksMichael Redd
65.8%
Milwaukee BucksMichael Redd
65.8%
Milwaukee BucksMichael Redd
65.8%
Milwaukee BucksMichael Redd
65.8%
Milwaukee BucksMichael Redd
65.8%
Philadelphia 76ersAndre Iguodala
63.2%
Philadelphia 76ersAndre Iguodala
63.2%
Philadelphia 76ersAndre Iguodala
63.2%
Philadelphia 76ersAndre Iguodala
63.2%
Washington WizardsMichael Jordan
62.6%
Washington WizardsMichael Jordan
62.6%
Indiana PacersDanny Granger
59.6%
Indiana PacersDanny Granger
59.6%
Indiana PacersDanny Granger
59.6%
New Jersey NetsRichard Jefferson
58.5%
Team Player % Correct
New Jersey NetsRichard Jefferson
58.5%
Milwaukee BucksRichard Jefferson
58.5%
Chicago BullsBen Gordon
56.9%
Chicago BullsBen Gordon
56.9%
Chicago BullsBen Gordon
56.9%
Chicago BullsBen Gordon
56.9%
Chicago BullsBen Gordon
56.9%
New Jersey NetsStephon Marbury
56.5%
New York KnicksStephon Marbury
56.5%
New York KnicksStephon Marbury
56.5%
Washington WizardsAntawn Jamison
54.4%
Washington WizardsAntawn Jamison
54.4%
New York KnicksAllan Houston
48.8%
New York KnicksAllan Houston
48.8%
Indiana PacersStephen Jackson
45.8%
Charlotte HornetsStephen Jackson
45.8%
New Jersey NetsBrook Lopez
44.8%
New York KnicksLatrell Sprewell
41.2%
Milwaukee BucksBrandon Jennings
40.7%
New York KnicksDavid Lee
40.7%
Chicago BullsElton Brand
39.9%
Detroit PistonsJerry Stackhouse
38.9%
Detroit PistonsJerry Stackhouse
38.9%
New York KnicksEddy Curry
37.3%
New York KnicksJamal Crawford
37.2%
New York KnicksJamal Crawford
37.2%
Chicago BullsJamal Crawford
37.2%
Cleveland CavaliersRicky Davis
36.9%
Charlotte HornetsEmeka Okafor
35.9%
Miami HeatCaron Butler
35.4%
Miami HeatEddie Jones
34.2%
Miami HeatEddie Jones
34.2%
Orlando MagicSteve Francis
30.2%
Atlanta HawksJason Terry
27.5%
Charlotte HornetsJason Richardson
27.1%
Atlanta HawksShareef Abdur-Rahim
26.8%
Atlanta HawksShareef Abdur-Rahim
26.8%
Atlanta HawksShareef Abdur-Rahim
26.8%
Detroit PistonsRodney Stuckey
25.8%
Washington WizardsLarry Hughes
19.9%
Milwaukee BucksSam Cassell
19.7%
New York KnicksAl Harrington
19%
Atlanta HawksAl Harrington
19%
Toronto RaptorsMorris Peterson
17.7%
Washington WizardsAndray Blatche
12.5%
Miami HeatAnthony Mason
10.4%
Charlotte HornetsPrimoz Brezec
8.4%
Chicago BullsMarcus Fizer
7.3%

You're not logged in!

Compare scores with friends on all Sporcle quizzes.
OR
Log In

Show Comments

Extras

Top Quizzes Today


Score Distribution

Your Account Isn't Verified!

In order to create a playlist on Sporcle, you need to verify the email address you used during registration. Go to your Sporcle Settings to finish the process.

Report this User

Report this user for behavior that violates our Community Guidelines.

Details: